Atlas geográfico universal / (Registro nro. 11542)

Detalles MARC
000 -LIDER
fixed length control field 01322cam a22003613a 4500
001 - NÚMERO DE CONTROL
Identificador de número de control
003 - IDENTIFICACDOR DE NÚMERO DE CONTROL
control field DO-SdBNP
005 - DATE AND TIME OF LATEST TRANSACTION
control field 20220623132534.0
007 - CAMPOS FIJOS DE DESCRIPCIÓN FÍSICA
fixed length control field 0000716
008 - ELEMENTOS DE LONGITUD FIJA
fixed length control field 861112 2002 sp abc 000 0 spa d
010 ## - NUMERO DE CONTROL DE BIBLIOTECA DEL CONGRESO
LC control number
020 ## - ISBN
International Standard Book Number 8424121368
040 ## - FUENTE DE CATALOGACIÓN
Agencia que crea de manera original el registro BPMSU
Agencia que realiza la transcripción spa
Agencia que realiza la modificación BPMSU
--
082 ## - NÚMERO DE CLASIFICACIÓN DECIMAL DE DEWEY
Classification number R912
Item number A881g 2002
Edition number 22
245 00 - MENCIÓN DE TITULO
Título Atlas geográfico universal /
Mención de responsabilidad Emilia González Ordás ; fotografías Miguel Raurich
250 ## - MENCIÓN DE EDICION
Mención de edición 11a. ed.
260 ## - PUBLICACIÓN, DISTRIBUCIÓN, ETC. (PIE DE IMPRENTA)
Lugar de publicación, distribución, etc León, España :
Nombre del editor, distribuidor, etc. Everest,
Fecha de publicación, distribución, etc 2002.
300 ## - DESCRIPCIÓN FÍSICA
Extensión 105, 144 p. :
Otros detalles físicos il., mapa, retrato
Dimensiones 29 cm.
500 ## - NOTA GENERAL
Nota general Incluye índice toponímico.
505 2# - NOTA DE CONTENIDO
Título Imágenes del Landsat --
-- La comunidad europea --
-- El mundo y sus continentes --
-- El mundo --
-- Europa --
-- España y Portugal --
-- Asia --
-- África --
-- América del Norte --
-- América del Sur --
-- Regiones polares --
-- Índice toponímico --
-- Australia y Nueva Zelanda --
590 ## - NOTA LOCAL
Enlace Inventariado, 2022/VM
600 00 - ENCABEZAMIENTO DE MATERIA--NOMBRE PERSONAL
Nombre personal
Subdivisión temática general
651 #4 - ENCABEZAMIENTO DE MATERIA--NOMBRE GEOGRÁFICO
Nombre geográfico América
Subdivisión temática general Geografía
Subdivisión de forma Atlas.
651 #4 - ENCABEZAMIENTO DE MATERIA--NOMBRE GEOGRÁFICO
Nombre geográfico Europa
Subdivisión temática general Geografía
Subdivisión de forma Atlas.
651 #4 - ENCABEZAMIENTO DE MATERIA--NOMBRE GEOGRÁFICO
Nombre geográfico Asia
Subdivisión temática general Geografía
Subdivisión de forma Atlas.
651 #4 - ENCABEZAMIENTO DE MATERIA--NOMBRE GEOGRÁFICO
Nombre geográfico África
Subdivisión temática general Geografía
Subdivisión de forma Atlas.
651 #4 - ENCABEZAMIENTO DE MATERIA--NOMBRE GEOGRÁFICO
Nombre geográfico Oceanía
Subdivisión temática general Geografía
Subdivisión de forma Atlas.
700 1# - ASIENTO SECUNDARIO -- NOMBRE PERSONAL
Nombre personal González Ordás, Emilia
700 1# - ASIENTO SECUNDARIO -- NOMBRE PERSONAL
Nombre personal Raurich, Miguel
710 2# - ASIENTO SECUNDARIO -- NOMBRE CORPORATIVO
Materiales especificados Editorial Everest (España)
910 ## - VALIDACIÓN
Validación VMateo V.
942 ## - ADDED ENTRY ELEMENTS (KOHA)
Source of classification or shelving scheme Dewey Decimal Classification
Koha item type Libros
Existencias
Withdrawn status Lost status Source of classification or shelving scheme Damaged status Not for loan Collection code Home library Current library Date acquired Source of acquisition Full call number Barcode Date last seen Price effective from Koha item type
    Dewey Decimal Classification     Colección de Referencia General Biblioteca Pública Metropolitana Salomé Ureña Biblioteca Pública Metropolitana Salomé Ureña 10/12/2016 FUNDI BPMSU CGR R912 A881g 2002 BPMSU16100115 10/12/2016 10/12/2016 Libros